| 000 | 00378nam a2200145Ia 4500 | ||
|---|---|---|---|
| 008 | 220217s9999||||xx |||||||||||||| ||und|| | ||
| 020 | _a978-81-7758-031-0 | ||
| 082 | _a005.14 PAT | ||
| 100 |
_aPatton, Ron _95518 |
||
| 245 | 0 | _aSoftware testing | |
| 250 | _a2nd | ||
| 260 |
_aPearson education of asia _bNew Delhi _c2008 |
||
| 300 | _b375 | ||
| 650 | _aSOFTWARE TESTING | ||
| 999 |
_c178005 _d178005 |
||